Sports Quiz

Random Sports or Basketball Quiz

Bill Simmons' Basketball Pyramid Quiz Stats

 Plays Quiz Updated Nov 18, 2018

     
Support Sporcle.
Go Orange.
Score 0/96 Timer 12:00
17 Plays Today
% Correct
Michael Jordan
97.8%
Magic Johnson
94.1%
LeBron James
93.5%
Dennis Johnson
92.7%
Kevin Johnson
92.6%
Larry Bird
92.6%
Kobe Bryant
92.5%
Shaquille O'Neal
90%
Wilt Chamberlain
87.9%
Bill Russell
86.8%
Kareem Abdul-Jabbar
86.7%
Karl Malone
86.2%
Moses Malone
85.9%
Scottie Pippen
85.2%
Tim Duncan
85%
John Stockton
81.1%
Jerry West
79.8%
Dwyane Wade
79.2%
Hakeem Olajuwon
79.1%
David Robinson
79%
Charles Barkley
77.5%
Kevin Garnett
77.1%
Patrick Ewing
76.1%
Isiah Thomas
75%
Steve Nash
74.4%
Dirk Nowitzki
72.8%
Oscar Robertson
72.8%
Julius Erving
72.3%
Paul Pierce
72.2%
Ray Allen
72%
Allen Iverson
70.8%
Dennis Rodman
69.7%
% Correct
Kevin McHale
68.6%
Clyde Drexler
67.5%
Jason Kidd
67.5%
Reggie Miller
67.1%
Bob Cousy
66%
John Havlicek
63.7%
James Worthy
61.7%
Dominique Wilkins
60.9%
Robert Parish
60.7%
Vince Carter
60.5%
Gary Payton
60.3%
Bill Walton
59.8%
Dwight Howard
59.4%
Sam Jones
59%
Elgin Baylor
58.9%
Tracy McGrady
58.5%
George Gervin
56.1%
Chris Paul
55.9%
George Mikan
55.5%
Joe Dumars
54.8%
Pete Maravich
54.3%
Chris Webber
51.7%
Shawn Kemp
51.7%
Willis Reed
51.6%
Walt Frazier
51.4%
Bob Pettit
49.4%
Chris Mullin
48.6%
Rick Barry
46.6%
Alex English
45.1%
Wes Unseld
44.8%
Elvin Hayes
44%
Bernard King
41.3%
% Correct
Nate Archibald
40.6%
Dave Cowens
38.9%
Bob McAdoo
38.4%
David Thompson
38.3%
Earl Monroe
37.9%
Adrian Dantley
36.8%
Lenny Wilkens
35.5%
Robert Horry
34.7%
Jo Jo White
34.2%
Tom Chambers
34.1%
Dolph Schayes
33.9%
Dave Bing
31.4%
Jerry Lucas
31%
Dave DeBusschere
30.2%
Bob Lanier
29.9%
Tommy Heinsohn
29.5%
Hal Greer
28.5%
Nate Thurmond
27.8%
Paul Arizin
27.7%
Gail Goodrich
27.5%
Billy Cunningham
27.4%
Artis Gilmore
25.2%
Bill Sharman
24.2%
Arvydas Sabonis
23.4%
Dan Issel
23.1%
Sidney Moncrief
22.7%
Connie Hawkins
21.4%
Jack Twyman
18.3%
Paul Westphal
18.1%
Bobby Dandridge
16.7%
Bailey Howell
13.8%
Cliff Hagan
13.8%

From the Vault

World Cup 2018 Referee Countries

by Tobsodan

Sports 6m
Find out which country sent that boneheaded referee who blew the match with a bad call.
Remove Ads.
Support Sporcle.
Get the best of Sporcle when you Go Orange. This ad-free experience offers more features, more stats, and more fun while also helping to support Sporcle. Thank you for becoming a member.

Show Comments

Extras

Top Quizzes Today


Score Distribution

Your Account Isn't Verified!

In order to create a playlist on Sporcle, you need to verify the email address you used during registration. Go to your Sporcle Settings to finish the process.

Report this User

Report this user for behavior that violates our Community Guidelines.

Details: